Environmental impact assessment
Guardat en:
| Autor principal: | |
|---|---|
| Format: | Llibre |
| Idioma: | anglès |
| Publicat: |
Ishwar Books
2019
|
| Etiquetes: |
Afegir etiqueta
Sense etiquetes, Sigues el primer a etiquetar aquest registre!
|
MARC
| LEADER | 00000nam a22000007a 4500 | ||
|---|---|---|---|
| 008 | 230811b |||||||| |||| 00| 0 eng d | ||
| 020 | |a 9789386806246 | ||
| 100 | |a IMAM, Md Jafar | ||
| 245 | |a Environmental impact assessment |c Md Jafar Imam |g vi,382p | ||
| 260 | |b Ishwar Books |c 2019 |h New Delhi |i 700281 |i 700282 |l TD194.68.Im1 |m Environmental impact analysis | ||
| 500 | |a it includes index | ||
| 942 | |a lcc |c BK |e Johnson |f 11/08/23 | ||
| 952 | |0 0 |1 0 |2 lcc |4 0 |6 TD019468 I M1 |7 0 |9 4363 |a SL |b HOL |c QZ |d 2023-08-11 |l 0 |o TD194.68.Im1 |p 2023-0288 |r 2023-08-11 00:00:00 |t 700281 |w 2023-08-11 |y BK | ||
| 952 | |0 0 |1 0 |2 lcc |4 0 |6 TD019468 I M1 |7 0 |9 4364 |a HOL |b HOL |c QZ |d 2023-08-11 |l 0 |o TD194.68.Im1 |p 2023-0289 |r 2023-08-11 00:00:00 |t 700282 |w 2023-08-11 |y BK | ||
| 999 | |c 2192 |d 2192 | ||